The good fail : entrepreneurial lessons from the rise and fall of Microworkz

Сохранить в:
Библиографические подробности
Главный автор:  Latman, Richard Keith
Формат: Sách
Язык:Undetermined
Опубликовано:  John Wiley & Sons, Inc  2012
Предметы:
Метки: Добавить метку
Нет меток, Требуется 1-ая метка записи!
Thư viện lưu trữ: Trung tâm Thư viện - Trường Đại học Công nghiệp TP. Hồ Chí Minh
LEADER 00568nam a2200157Ia 4500
001 UIH_04481
008 231011s9999 xx 000 0 und d
082 |a  658.421 
100 |a  Latman, Richard Keith 
245 0 |a  The good fail : entrepreneurial lessons from the rise and fall of Microworkz 
245 0 |c  Latman, Richard Keith 
260 |b  John Wiley & Sons, Inc 
260 |c  2012 
650 |a  Doanh nhân; Thất bại trong kinh doanh;  
927 |a Sách 
980 |a Trung tâm Thư viện - Trường Đại học Công nghiệp TP. Hồ Chí Minh